| 000 | 00000nam##2200000za#4500 |
| 001 | 9.590727 |
| 003 | CaOODSP |
| 005 | 20250403104940 |
| 007 | cr ||||||||||| |
| 008 | 150406|2001||||xxc|||||o f|0| 0 fre|d |
| 020 | |a0-662-85737-2 |
| 022 | |a1205-9161 |
| 040 | |aCaOODSP|bfre |
| 043 | |an-cn--- |
| 086 | 1 |aCS11-0019/155F-IN |
| 245 | 00|aDurée d'occupation des emplois, mobilité des travailleurs et marché du travail des jeunes dans les années 1990 / |h[ressource électronique]|cpar G. Picot, A. Heisz et A. Nakamura. |
| 260 | |aOttawa - Ontario : |bStatistique Canada |cMars 2001. |
| 300 | |a40p.|bgraphiques, références, tableaux |
| 490 | 1 |aDocuments de recherche - Direction des études analytiques|x1205-9161|vN° 155 |
| 500 | |aThe ISSN (1200-5231) for the print edition has been incorrectly copied in this electronic publication. |
| 590 | |a12-37-Supp|b2012-09-24 |
| 710 | 2 |aStatistique Canada. |
| 720 | 1 |aPicot, G. |
| 720 | 1 |aHeisz, A. |
| 720 | 1 |aNakamura, A. |
| 775 | 08|tJob tenure, worker mobility and the youth labour market during the 1990s / |w(CaOODSP)9.557472 |
| 776 | 0#|tDurée d'occupation des emplois, mobilité des travailleurs et marché du travail des jeunes dans les années 1990 / |w(CaOODSP)9.625464 |
| 830 | #0|aDocuments de recherche (Statistique Canada. Direction des études analytiques)|x1205-9161|vN° 155|w(CaOODSP)9.500842 |
| 856 | 40|ahttp://publications.gc.ca|qPDF|s335 Ko|uhttps://publications.gc.ca/collections/Collection/CS11-0019-155F.pdf|yN° 155 |